00354pab a2200133 454500008004000000100001900040245008200059260000900141300001300150362001200163650001000175650001400185773002100199180718b2011 xxu||||| |||| 00| 0 eng d aSharma, Rashmi aGender and International migration: The profile of female migrants from India c2011 ap.37-63. aMar-Apr aWomen aMigration aSocial Scientist